| 000 | 01750cam a2200469Ma 4500 | ||
|---|---|---|---|
| 001 | ocn609992492 | ||
| 003 | TZ-ArACH | ||
| 005 | 20130716125253.0 | ||
| 008 | 091125s2009 fr b 000 0 fre d | ||
| 016 | 7 |
_aFRBNF421084680000005 _2FrPBN |
|
| 020 | _a9782296106529 | ||
| 020 | _a2296106528 | ||
| 035 | _a(OCoLC)609992492 | ||
| 040 |
_aLVB _bfre _cTZ-ArACH _dMUQ _dUQ1 _dBDF |
||
| 041 | _aFre | ||
| 049 | _aTZAA | ||
| 050 | 4 |
_aK3240 _b.M33 |
|
| 082 | 1 | 4 |
_a341 _21 |
| 100 | 1 |
_aMabiala, Ruffin Viclère. _912954 |
|
| 245 | 1 | 3 |
_aJustice dans les pays en situation de post-conflit : justice transitionnelle / _bjustice transitionnelle / _cRuffin Viclère Mabiala. |
| 260 |
_aParis : _bHarmattan, _c2009. |
||
| 300 | _a350 p. | ||
| 504 | _aBibliogr.: p. 347-350. | ||
| 650 | 6 |
_aJustice transitionnelle. _912955 |
|
| 650 | 6 |
_aConsolidation de la paix. _912956 |
|
| 650 | 6 |
_aDroit pénal international. _912957 |
|
| 650 | 6 |
_aDroits de l'homme (Droit international) _912958 |
|
| 650 | 7 |
_aDroit international pénal. _912959 |
|
| 650 | 7 |
_aDroits de l'homme. _912960 |
|
| 650 | 1 | 7 |
_aJustice réparatrice. _912961 |
| 650 | 7 |
_aMaintien de la paix. _912962 |
|
| 650 | 7 |
_aRéparation pénale. _912963 |
|
| 650 | 7 |
_aJustice réparatrice. _912964 |
|
| 650 | 7 |
_aRéparation (droit) _912965 |
|
| 650 | 7 |
_aTransitional justice _912966 |
|
| 650 | 7 |
_aPolitical crimes and offenses _912967 |
|
| 650 | 7 |
_aPeace building _912968 |
|
| 651 | 7 |
_aPays en développement. _912953 |
|
| 856 | 4 | 2 |
_3Notice et cote du catalogue de la Bibliothèque nationale de France _uhttp://catalogue.bnf.fr/ark:/12148/cb42108468k |
| 942 |
_2lcc _cBOOK |
||
| 999 |
_c2557 _d2557 |
||